Statistics for African Countries

Click here to take the quiz!

General Stats

  • This quiz has been taken 530 times
  • The average score is 44 of 54

Answer Stats

PopulationAnswer% Correct
84 mEgypt
97%
17.4 mNiger
94%
177 mNigeria
93%
4.5 mRepublic of Congo
93%
52 mSouth Africa
93%
38 mAlgeria
92%
74 mDemocratic Republic of Congo
92%
43 mKenya
92%
6.3 mLibya
91%
35.1 mSudan
91%
33 mMorocco
90%
12 mChad
89%
16 mMali
88%
10.7 mSouth Sudan
88%
86 mEthiopia
87%
26 mGhana
87%
10.9 mTunisia
87%
13 mZimbabwe
87%
21.2 mAngola
85%
21.8 mMadagascar
85%
10.8 mRwanda
85%
45 mTanzania
85%
35.3 mUganda
85%
9.6 mSomalia
84%
14 mZambia
84%
2 mBotswana
83%
11 mGuinea
83%
5.2 mCentral African Republic
81%
1.9 mLesotho
81%
24 mMozambique
81%
2.1 mNamibia
81%
1.7 mGambia
80%
3.8 mLiberia
80%
13.5 mSenegal
79%
23 mCote d'Ivoire
78%
3.4 mMauritania
78%
20 mCameroon
77%
94 kSeychelles
77%
5.8 mSierra Leone
77%
1 mSwaziland
77%
6.6 mTogo
77%
4.9 mEritrea
76%
9.7 mBenin
75%
912 kDjibouti
75%
15 mMalawi
75%
511 kCape Verde
74%
2.2 mGabon
74%
1.6 mGuinea-Bissau
74%
17.3 mBurkina Faso
72%
9 mBurundi
72%
1.2 mMauritius
70%
1.8 mEquatorial Guinea
69%
743 kComoros
68%
194 kSao Tome & Principe
68%

Score Distribution

Percentile by Number Answered

Percent of People with Each Score

Your Score History

You have not taken this quiz